| 000 | 00913cam a2200277 a 4500 | ||
|---|---|---|---|
| 008 | |||
| 020 | _a088415372X (hardback) | ||
| 049 | _aMAIN | ||
| 090 |
_aTN870.53 _bFAN |
||
| 100 | 1 | _aFanchi, John R. | |
| 245 | 1 | 0 |
_aPrinciples of applied reservoir simulation / _cJohn Fanchi. |
| 246 | 3 | 0 | _aApplied reservoir simulation |
| 250 | _aSecond Edition. | ||
| 260 |
_aBoston : _bGulf Pub., _cc2001. |
||
| 300 |
_axvii, 355 pages : _billustrations ; _c24 cm |
||
| 538 | _aSystem requirements for accompanying computer disc: Windows 95/98/NT. | ||
| 504 | _aIncludes bibliographical references. | ||
| 500 | _aIncludes index. | ||
| 650 | 0 |
_aOil fields _xComputer simulation. |
|
| 650 | 0 |
_aPetroleum _xGeology _xMathematical models. |
|
| 907 |
_a.b10168266 _b22-07-21 _c18-07-05 |
||
| 003 | |||
| 005 | 20230123134034.0 | ||
| 040 | _cNUST | ||
| 942 |
_cBOOKS _kTN870.53 _mFAN |
||
| 999 |
_c158954 _d158954 |
||